000 004620000a22001690004500
003 MACL
005 20151216142205.0
008 151216b xxu||||| |||| 00| 0 eng d
040 _aMACL
_cMACL
041 _aEnglish
082 _a001.94/STU
100 _aH S Stuttman Ins Publishers
_920412
245 _aMysteries of Mind Space and Time
_bVol 26
260 _bH S Stuttman Ins Publishers
_c1992
650 _aGeneralities
_91354
942 _cBK
_k001.94/STU
_2ddc
999 _c39975
_d39975